La miseria del historicismo

Gorde:
Xehetasun bibliografikoak
Egile nagusia: Pooper, Karl R. (Egilea)
Formatua: Liburua
Hizkuntza:gaztelania
Argitaratua: Madrid Taurus 1984
Edizioa:3a. ed
Saila:Sección Humanidades, 477
Gaiak:
Etiketak: Etiketa erantsi
Etiketarik gabe, Izan zaitez lehena erregistro honi etiketa jartzen!

MARC

LEADER 00000nam a2200000 a 4500
001 UCX2816
003 CL-VaPUC
008 910819e19840000SP |||||||||||||||||spa|d
020 |a 8420614777 
082 0 4 |a 901  |b POP  |2 21 
100 |a Pooper, Karl R.  |e author  |9 311826 
245 1 3 |a La miseria del historicismo 
250 |a 3a. ed 
300 |a 181 p 
942 |c BK 
945 |d 19910819 00:00:00  |a rbrito 
260 |a Madrid  |b Taurus  |c 1984 
650 0 |a Historicismo  |9 318908 
650 0 |a Filosofía inglesa  |9 255676 
650 0 |a Filosofía de la historia  |9 265651 
650 0 |a Ensayos filosóficos  |9 318909 
650 0 |a Sociología   |9 255410 
583 |a last modification  |c 19910819 00:00:00  |k Rodrigo Vera 
490 0 |a Sección Humanidades, 477 
999 |c 223754  |d 223752 
952 |0 0  |1 0  |4 0  |6 901_000000000000000_POP_1984  |7 0  |8 A  |9 219843  |a BIBHIS  |b BIBHIS  |d 2019-11-15  |i 2885298  |o 901 POP 1984  |p 2885298  |r 2025-01-20  |w 2019-11-15  |y BK  |k HIS 
952 |0 0  |1 0  |4 0  |6 901_000000000000000_POP_1984  |7 0  |8 A  |9 219844  |a BIBTEO  |b BIBTEO  |d 2019-11-15  |i 2989174  |o 901 POP 1984  |p 2989174  |r 2025-01-17  |w 2019-11-15  |y BK  |k ICR 
952 |0 0  |1 0  |4 0  |6 901_000000000000000_POP_1984  |7 0  |8 P  |9 219845  |a BIBEDU  |b BIBEDU  |c BIBEDU_PB  |d 2019-11-15  |i 1561383  |l 1  |o 901 POP 1984  |p 1561383  |r 2022-05-12  |s 2022-05-06  |w 2019-11-15  |y BK  |k FIL